Memorial do convento [de] José Saramago (Record no. 44894)
[ view plain ]
| 000 -Etiqueta do registo | |
|---|---|
| Valores | 00722nam a2200241 4500 |
| 010 ## - Número ISBN | |
| ISBN | 9789720401366 |
| 021 ## - Número do Depósito Legal | |
| Número | 225284/05 |
| 100 ## - Dados gerais de processamento | |
| Dados gerais | 20100302d20082005m y0pory5003 ba |
| 101 0# - Língua de publicação | |
| Língua | por |
| 102 ## - País de publicação | |
| País | PT |
| 200 1# - Titulo e menção de responsabilidade | |
| Título próprio | Memorial do convento [de] José Saramago |
| Informação de outro título | análise da obra |
| -- | ensino secundário |
| Primeira menção de responsabilidade | Conceicão Jacinto, Gabriela Lança |
| 210 #9 - Publicação | |
| Local de publicação | Porto |
| Nome do editor | Porto Editora, |
| Data de publicação | 2008 |
| 215 ## - Descrição física | |
| Paginação / Volumes | 96 p. |
| Dimensões | 21 cm |
| 225 2# - Colecção | |
| Título próprio da colecção | Estudar português |
| 604 ## - | |
| Palavra de ordem - nome | Saramago, |
| Título | -Memorial do convento |
| 675 ## - CDU | |
| Notação | 821.134.3-31Saramago, José.09(072) |
| Edição | BN |
| Língua | por |
| 675 ## - CDU | |
| Notação | 82.09(07) |
| 700 #1 - Autor principal | |
| Apelido | Jacinto, |
| Nome | Concei—cão |
| 701 #1 - Autor co-responsavel | |
| Apelido | Lan—ca, |
| Nome | Gabriela |
| Função | 070 |
| 801 #0 - Fonte de origem | |
| País | PT |
| Agência | BN |
| Regras de catalogação | RPC |
| 990 ## - Elementos KOHA | |
| Tipo de documento | Livro |
| Aquisição | Empréstimo | Código de barras | Cota | Permissão de empréstimo | Tipo de documento |
|---|---|---|---|---|---|
| Biblioteca Escolar Doutor Hernâni Cidade | Biblioteca Escolar Doutor Hernâni Cidade | 81025 | 82.09(07) AA.VV. MEM. CONV. | Livro |